[Event "Arco op 44th"]
[Site "Arco"]
[Date "2022.10.14"]
[Round "7"]
[White "Salerno, Christian"]
[Black "Rigo, Marco"]
[Result "1-0"]
[WhiteElo "2012"]
[BlackElo "1804"]
[PlyCount "53"]
[EventDate "2022.10.08"]
[EventType "swiss"]
[EventRounds "9"]
[EventCountry "ITA"]
[SourceTitle "CBM 210 Extra"]
[Source "ChessBase"]
[SourceDate "2022.11.30"]
[SourceVersion "1"]
[SourceVersionDate "2022.11.30"]
[SourceQuality "1"]

1. e4 c5 2. Nf3 Nc6 3. d4 cxd4 4. Nxd4 Nf6 5. Nc3 Qb6 6. Nxc6 dxc6 7. h3 e5 8. Bd3 Bb4 9. 0-0 Be6 10. Qf3 Bxc3 11. bxc3 Qc5 12. a4 Qxc3 13. Rb1 b6 14. Bg5 Nd7 15. Rfd1 Nc5 16. Bd2 Qd4 17. Bb4 Nxd3 18. Rxd3 Qc4 19. Qg3 Qxc2 20. Rbd1 c5 21. Qxg7 Rf8 22. Ba3 Qxa4 23. Bc1 f6 24. Bh6 Rg8 25. Qxf6 Qxd1+ 26. Rxd1 Bxh3 27. Bg5 1-0

[Event "Arco op 44th"]
[Site "Arco"]
[Date "2022.10.12"]
[Round "5"]
[White "Salerno, Christian"]
[Black "Kostov, Deyan Samuil"]
[Result "0-1"]
[WhiteElo "2012"]
[BlackElo "2260"]
[PlyCount "44"]
[EventDate "2022.10.08"]
[EventType "swiss"]
[EventRounds "9"]
[EventCountry "ITA"]
[SourceTitle "CBM 210 Extra"]
[Source "ChessBase"]
[SourceDate "2022.11.30"]
[SourceVersion "1"]
[SourceVersionDate "2022.11.30"]
[SourceQuality "1"]

1. e4 c5 2. Nf3 e6 3. c4 Nc6 4. Nc3 Nf6 5. d4 cxd4 6. Nxd4 Bb4 7. Nxc6 bxc6 8. Bd3 e5 9. 0-0 0-0 10. Be3 d6 11. Na4 Ng4 12. Bd2 Bxd2 13. Qxd2 Qh4 14. h3 Nf6 15. b4 Nh5 16. Qe3 Re8 17. Nc3 Re6 18. Ne2 Rg6 19. Kh2 Be6 20. f4 exf4 21. Nxf4 Rg3 22. Rf3 Rxf3 0-1

[Event "Brno op 10th"]
[Site "Brno"]
[Date "2021.11.24"]
[Round "6"]
[White "Salerno, Christian"]
[Black "Morkunas, Gustas"]
[Result "1-0"]
[WhiteElo "2048"]
[BlackElo "1907"]
[PlyCount "139"]
[EventDate "2021.11.20"]
[EventType "swiss"]
[EventRounds "9"]
[EventCountry "CZE"]
[SourceTitle "CBM 205 Extra"]
[Source "ChessBase"]
[SourceDate "2022.01.31"]
[SourceVersion "1"]
[SourceVersionDate "2022.01.31"]
[SourceQuality "1"]

1. d4 Nf6 2. Nc3 d5 3. Bf4 g6 4. e3 Bg7 5. h4 h5 6. Be2 0-0 7. Nf3 c5 8. Nb5 Na6 9. c3 Bd7 10. a4 cxd4 11. exd4 Bg4 12. Ne5 Bxe2 13. Qxe2 Nb8 14. 0-0 Nbd7 15. Rfe1 e6 16. Nd6 Qe7 17. Nd3 b6 18. Nb4 Ne4 19. Nxe4 dxe4 20. g3 f5 21. a5 e5 22. Nc6 Qe6 23. Nxe5 Bxe5 24. Bxe5 Nxe5 25. dxe5 Qxe5 26. Qc4+ Kh8 27. axb6 axb6 28. Rxa8 Rxa8 29. Qc6 Rg8 30. Qxb6 Kh7 31. Ra1 Rg7 32. Qd8 Rb7 33. Ra8 Qg7 34. Qd2 Rd7 35. Qe3 Qf7 36. Ra4 Qb3 37. Rb4 Qd1+ 38. Kg2 Rf7 39. Rd4 Qb3 40. Rd2 Qe6 41. Qf4 Qc6 42. Kh2 Qb6 43. b4 Qc6 44. Qe5 Qb6 45. b5 Qa5 46. Qd5 Rg7 47. c4 Qc3 48. Qd4 Qb4 49. b6 f4 50. c5 Qb1 51. gxf4 e3 52. fxe3 Qe1 53. Kh3 Qh1+ 54. Kg3 Qg1+ 55. Rg2 Qe1+ 56. Kf3 Qf1+ 57. Rf2 Qh3+ 58. Ke2 Qg4+ 59. Rf3 Qg2+ 60. Rf2 Qg4+ 61. Ke1 Qg1+ 62. Rf1 Qg3+ 63. Kd1 Qg4+ 64. Kc1 Rd7 65. Qc3 Qe2 66. Re1 Qa6 67. c6 Rd3 68. Qb4 Qa2 69. c7 Qe6 70. Qc5 1-0

[Event "Helsingor Xtracon op"]
[Site "Helsingor"]
[Date "2019.07.27"]
[Round "9"]
[White "Salerno, Christian"]
[Black "Zheng, Harry Z"]
[Result "1-0"]
[WhiteElo "2047"]
[BlackElo "1597"]
[PlyCount "127"]
[EventDate "2019.07.20"]
[EventType "swiss"]
[EventRounds "10"]
[EventCountry "DEN"]
[SourceTitle "CBM 191 Extra"]
[Source "ChessBase"]
[SourceDate "2019.09.30"]
[SourceVersion "1"]
[SourceVersionDate "2019.09.30"]
[SourceQuality "1"]

1. e4 e5 2. Nf3 Nc6 3. Bc4 Bc5 4. b4 Bxb4 5. c3 Ba5 6. d4 exd4 7. 0-0 Nge7 8. Ng5 d5 9. exd5 Ne5 10. Qxd4 f6 11. Bb3 Bb6 12. Qe4 Bf5 13. Qa4+ Qd7 14. Qxd7+ Bxd7 15. Ne4 0-0-0 16. Ba3 N7g6 17. Nbd2 Nf4 18. Nc5 Bxc5 19. Bxc5 Ne2+ 20. Kh1 Nxc3 21. Rac1 Ne2 22. Bxa7 Nxc1 23. Rxc1 Nd3 24. Rc3 Rde8 25. h3 Nb4 26. Nc4 Kd8 27. Na5 Re1+ 28. Kh2 Bc8 29. d6 c6 30. Rg3 g6 31. Bd4 Rf8 32. Bc5 Na6 33. Bb6+ Kd7 34. Nc4 Re2 35. a3 Re1 36. Rd3 Rfe8 37. Ba5 R8e5 38. Nb6+ Kd8 39. Nd5+ Ke8 40. Nxf6+ Kf8 41. Bxe1 Nc5 42. Bb4 Nd7 43. Nxd7+ Bxd7 44. Rf3+ Ke8 45. Bf7+ Kd8 46. Bc3 Rc5 47. Bf6+ Kc8 48. g4 g5 49. Bg8 h6 50. Bd4 b6 51. Bxc5 bxc5 52. a4 c4 53. Bxc4 h5 54. Ba6+ Kb8 55. Rf8+ Ka7 56. Rf7 Kxa6 57. Rxd7 hxg4 58. Rc7 g3+ 59. Kxg3 g4 60. d7 gxh3 61. d8Q h2 62. Rxc6+ Kb7 63. Qd7+ Kb8 64. Rc8# 1-0

[Event "Helsingor Xtracon op"]
[Site "Helsingor"]
[Date "2019.07.21"]
[Round "3"]
[White "Salerno, Christian"]
[Black "Viitaniemi, Olli"]
[Result "1-0"]
[WhiteElo "2047"]
[BlackElo "1778"]
[PlyCount "103"]
[EventDate "2019.07.20"]
[EventType "swiss"]
[EventRounds "10"]
[EventCountry "DEN"]
[SourceTitle "CBM 191 Extra"]
[Source "ChessBase"]
[SourceDate "2019.09.30"]
[SourceVersion "1"]
[SourceVersionDate "2019.09.30"]
[SourceQuality "1"]

1. e4 c5 2. Nf3 e6 3. d4 cxd4 4. Nxd4 Bc5 5. Nc3 Qb6 6. Be3 Nc6 7. Na4 Qa5+ 8. c3 Bxd4 9. Bxd4 Nxd4 10. b4 Nf3+ 11. gxf3 Qg5 12. Qd6 Ne7 13. f4 Qf6 14. Rg1 0-0 15. Rd1 Ng6 16. f5 Ne5 17. Rg3 b6 18. b5 Bb7 19. f4 Nf3+ 20. Rxf3 Bxe4 21. Rg3 Rfe8 22. Kf2 Bxf5 23. Qe5 Qxe5 24. fxe5 Red8 25. Bd3 Kf8 26. Bxf5 exf5 27. c4 Rac8 28. Rd4 g6 29. h4 h6 30. Nc3 Ke7 31. Nd5+ Ke6 32. Re3 Rc5 33. Nf4+ Ke7 34. Nd3 Rc7 35. Ke2 Rdc8 36. Nb2 Ke6 37. Rd6+ Ke7 38. Kd3 Kf8 39. a4 Re8 40. Kd4 Kg7 41. Re1 Re6 42. Nd3 g5 43. c5 Kg6 44. Rc1 Rxd6+ 45. exd6 bxc5+ 46. Nxc5 Rc8 47. a5 Rb8 48. Rb1 g4 49. b6 axb6 50. axb6 g3 51. Nxd7 g2 52. Nxb8 1-0

[Event "Helsingor Xtracon op"]
[Site "Helsingor"]
[Date "2019.07.20"]
[Round "1"]
[White "Salerno, Christian"]
[Black "Knudsen, Jan Engelund"]
[Result "1-0"]
[WhiteElo "2047"]
[BlackElo "1577"]
[PlyCount "55"]
[EventDate "2019.07.20"]
[EventType "swiss"]
[EventRounds "10"]
[EventCountry "DEN"]
[SourceTitle "CBM 191 Extra"]
[Source "ChessBase"]
[SourceDate "2019.09.30"]
[SourceVersion "1"]
[SourceVersionDate "2019.09.30"]
[SourceQuality "1"]

1. e4 c5 2. Nf3 d6 3. d4 cxd4 4. Nxd4 Nf6 5. Nc3 g6 6. f3 Bg7 7. Be3 0-0 8. Bc4 a6 9. Qd2 Nc6 10. 0-0-0 Na5 11. Bb3 Nxb3+ 12. axb3 b5 13. h4 Bb7 14. Bh6 b4 15. Nce2 Qa5 16. Kb1 Rfc8 17. Ng3 Rc5 18. h5 Nxh5 19. Nxh5 Rxh5 20. Bxg7 Kxg7 21. g4 Rxh1 22. Rxh1 Rh8 23. Qh6+ Kg8 24. Nf5 gxf5 25. gxf5 Qc5 26. Rh4 Qg1+ 27. Ka2 Bxe4 28. Rxe4 1-0

[Event "Verbandsliga Suedbaden 1819"]
[Site "Baden"]
[Date "2019.02.17"]
[Round "6.6"]
[White "Norgauer, Michael"]
[Black "Salerno, Christian"]
[Result "1/2-1/2"]
[WhiteElo "1968"]
[BlackElo "2054"]
[PlyCount "29"]
[EventDate "2018.10.14"]
[EventType "team-tourn"]
[EventRounds "9"]
[EventCountry "GER"]
[SourceTitle "EXT 2020"]
[Source "ChessBase"]
[SourceDate "2019.10.17"]
[SourceVersion "1"]
[SourceVersionDate "2019.10.17"]
[SourceQuality "1"]
[WhiteTeam "Konstanz"]
[BlackTeam "Gottmadingen"]
[WhiteTeamCountry "GER"]
[BlackTeamCountry "GER"]

1. c4 e5 2. a3 d6 3. Nc3 Nc6 4. g3 Be6 5. d3 g6 6. Bg2 Qd7 7. e4 Bg7 8. Nge2 Nge7 9. 0-0 0-0 10. Rb1 Bh3 11. b4 Nd8 12. Be3 Bxg2 13. Kxg2 Ne6 14. Qd2 c6 15. d4 1/2-1/2

[Event "Helsingor Xtracon op"]
[Site "Helsingor"]
[Date "2018.07.28"]
[Round "9"]
[White "Jonsson, Olafur Gisli"]
[Black "Salerno, Christian"]
[Result "0-1"]
[WhiteElo "1844"]
[BlackElo "2070"]
[PlyCount "44"]
[EventDate "2018.07.21"]
[EventType "swiss"]
[EventRounds "10"]
[EventCountry "DEN"]
[SourceTitle "CBM 185 Extra"]
[Source "ChessBase"]
[SourceDate "2018.07.29"]
[SourceVersion "1"]
[SourceVersionDate "2018.07.29"]
[SourceQuality "1"]

1. e4 e5 2. Nf3 Nc6 3. Bc4 Bc5 4. b4 Bxb4 5. c3 Ba5 6. d4 b5 7. Bxb5 Nxd4 8. Nxd4 exd4 9. Qxd4 Qf6 10. e5 Qb6 11. Qd3 Rb8 12. Bc4 Ne7 13. 0-0 0-0 14. Nd2 Qg6 15. Ba3 Re8 16. Ne4 Bb7 17. Rae1 Nf5 18. f4 d5 19. exd6 Bxe4 20. Rxe4 Rxe4 21. Qxe4 Bb6+ 22. Kh1 Ng3+ 0-1

[Event "Helsingor Xtracon op"]
[Site "Helsingor"]
[Date "2018.07.22"]
[Round "3"]
[White "Nesse, David"]
[Black "Salerno, Christian"]
[Result "1-0"]
[WhiteElo "1825"]
[BlackElo "2070"]
[PlyCount "63"]
[EventDate "2018.07.21"]
[EventType "swiss"]
[EventRounds "10"]
[EventCountry "DEN"]
[SourceTitle "CBM 185 Extra"]
[Source "ChessBase"]
[SourceDate "2018.07.29"]
[SourceVersion "1"]
[SourceVersionDate "2018.07.29"]
[SourceQuality "1"]

1. e4 e5 2. Nf3 Nf6 3. Nxe5 d6 4. Nf3 Nxe4 5. Nc3 Nxc3 6. dxc3 Be7 7. Bd3 Nc6 8. Bf4 Bg4 9. h3 Bh5 10. g4 Bg6 11. h4 Qd7 12. Rg1 0-0-0 13. h5 Qe6+ 14. Be3 Bxd3 15. Qxd3 g6 16. h6 Ne5 17. Qe2 Nxf3+ 18. Qxf3 Bg5 19. 0-0-0 Bxe3+ 20. Qxe3 Qxa2 21. Rge1 Qa4 22. Rd4 Qa1+ 23. Kd2 Qxb2 24. Rb4 Qa2 25. Qf3 b6 26. Re7 Kb8 27. Qc6 Rc8 28. Ra4 Qb1 29. Re1 Qb2 30. Ree4 a5 31. Reb4 axb4 32. Ra8# 1-0

[Event "Helsingor Xtracon op"]
[Site "Helsingor"]
[Date "2018.07.22"]
[Round "2"]
[White "Salerno, Christian"]
[Black "Lindgren, Philip"]
[Result "0-1"]
[WhiteElo "2070"]
[BlackElo "2394"]
[PlyCount "60"]
[EventDate "2018.07.21"]
[EventType "swiss"]
[EventRounds "10"]
[EventCountry "DEN"]
[SourceTitle "CBM 185 Extra"]
[Source "ChessBase"]
[SourceDate "2018.07.29"]
[SourceVersion "1"]
[SourceVersionDate "2018.07.29"]
[SourceQuality "1"]

1. e4 c5 2. Nf3 d6 3. d4 cxd4 4. Nxd4 Nf6 5. Nc3 a6 6. Bc4 e6 7. Bb3 Nbd7 8. f4 Nc5 9. f5 Be7 10. Qf3 Bd7 11. Be3 Rc8 12. 0-0 0-0 13. Rad1 Nxb3 14. axb3 e5 15. Nde2 h6 16. Ng3 b5 17. Nh5 Bc6 18. Rf2 b4 19. Nxf6+ Bxf6 20. Nd5 Bxd5 21. Rxd5 Rc6 22. Rfd2 Qc7 23. R5d3 Rc8 24. Qd1 Be7 25. Bxh6 gxh6 26. Rg3+ Kf8 27. Qh5 Bf6 28. Qxh6+ Ke7 29. c4 bxc3 30. bxc3 Rxc3 0-1

[Event "Helsingor Xtracon op"]
[Site "Helsingor"]
[Date "2018.07.21"]
[Round "1"]
[White "Damm, Henrik"]
[Black "Salerno, Christian"]
[Result "0-1"]
[WhiteElo "1567"]
[BlackElo "2070"]
[PlyCount "97"]
[EventDate "2018.07.21"]
[EventType "swiss"]
[EventRounds "10"]
[EventCountry "DEN"]
[SourceTitle "CBM 185 Extra"]
[Source "ChessBase"]
[SourceDate "2018.07.29"]
[SourceVersion "1"]
[SourceVersionDate "2018.07.29"]
[SourceQuality "1"]

1. c4 e5 2. Nc3 d6 3. Nf3 Nc6 4. g3 Be6 5. d3 Qd7 6. Bg2 0-0-0 7. Ng5 Bf5 8. Qa4 Nh6 9. Bxc6 Qxc6 10. Qxc6 bxc6 11. Be3 a6 12. Bd2 f6 13. Nf3 Nf7 14. h4 d5 15. cxd5 cxd5 16. a3 d4 17. Na2 e4 18. Nh2 exd3 19. e3 Bc5 20. g4 dxe3 21. fxe3 Be4 22. 0-0 Ne5 23. Rac1 Bb6 24. Rf4 Bb7 25. Nc3 Rd6 26. Nd1 Re8 27. Nf2 Ng6 28. Rf5 Re5 29. Rxe5 Nxe5 30. Rc3 Bf3 31. Nxd3 Rxd3 32. Rxd3 Nxd3 33. Nxf3 Nxb2 34. g5 Nc4 35. Bc3 Bxe3+ 36. Kh1 Nxa3 37. gxf6 gxf6 38. Bxf6 Kd7 39. Bc3 Nb5 40. Bb2 Ke6 41. Kg2 c5 42. Ne1 Nd4 43. Nd3 Kd5 44. Ba3 Nb5 45. Bb2 a5 46. Kg3 Bd4 47. Nf4+ Ke5 48. Bc1 a4 49. h5 0-1

[Event "Verbandsliga Suedbaden 1718"]
[Site "Baden"]
[Date "2018.02.18"]
[Round "6.6"]
[White "Schoenherr, Konrad"]
[Black "Salerno, Christian"]
[Result "1/2-1/2"]
[WhiteElo "1898"]
[BlackElo "2077"]
[PlyCount "69"]
[EventDate "2017.10.08"]
[EventType "team-tourn"]
[EventRounds "9"]
[EventCountry "GER"]
[SourceTitle "EXT 2019"]
[Source "ChessBase"]
[SourceDate "2018.10.10"]
[SourceVersion "1"]
[SourceVersionDate "2018.10.10"]
[SourceQuality "1"]
[WhiteTeam "Waldshut"]
[BlackTeam "Gottmadingen"]
[WhiteTeamCountry "GER"]
[BlackTeamCountry "GER"]

1. d4 Nf6 2. Nc3 d5 3. Bg5 e6 4. e4 Bb4 5. e5 h6 6. exf6 hxg5 7. fxg7 Rg8 8. Qd3 Qf6 9. 0-0-0 Nc6 10. Nb5 Ba5 11. Qg3 Qe7 12. h4 Rxg7 13. hxg5 Qxg5+ 14. Qxg5 Rxg5 15. Rh8+ Ke7 16. Nf3 Rg7 17. c3 a6 18. Na3 b5 19. Nc2 Bb7 20. Rxa8 Bxa8 21. Ne3 Na7 22. Ne5 Bb6 23. f4 c5 24. f5 Bc6 25. a4 cxd4 26. cxd4 f6 27. Ng6+ Kd6 28. Nf4 Rg3 29. Rd3 e5 30. Nh5 Rg5 31. Nxf6 Bxd4 32. g4 bxa4 33. Nc2 Bb5 34. Nxd4 Bxd3 35. Ne6 1/2-1/2

[Event "Helsingor Xtracon op"]
[Site "Helsingor"]
[Date "2017.07.22"]
[Round "1"]
[White "Salerno, Christian"]
[Black "Shehzad, Alisha"]
[Result "1-0"]
[WhiteElo "2056"]
[BlackElo "1573"]
[PlyCount "79"]
[EventDate "2017.07.22"]
[EventType "swiss"]
[EventRounds "10"]
[EventCountry "DEN"]
[SourceTitle "CBM 179 Extra"]
[Source "ChessBase"]
[SourceDate "2017.08.23"]
[SourceVersion "1"]
[SourceVersionDate "2017.08.23"]
[SourceQuality "1"]

1. e4 c5 2. Nf3 e6 3. d4 cxd4 4. Nxd4 Nc6 5. Nxc6 bxc6 6. Bd3 Nf6 7. 0-0 Be7 8. Nd2 0-0 9. c4 e5 10. Nf3 Qc7 11. b3 Re8 12. Bb2 Bc5 13. Qd2 a5 14. Qg5 d6 15. h3 a4 16. Rab1 axb3 17. axb3 Be6 18. Bc3 Ra3 19. Qd2 Rea8 20. b4 Bb6 21. Bb2 Ra2 22. Qc3 Nd7 23. Rbd1 Qb8 24. Rc1 f6 25. Rfd1 Qa7 26. Rc2 Qb8 27. Qd2 Bc7 28. Nh4 Nf8 29. Nf5 Bxf5 30. exf5 R2a4 31. Be4 Rxb4 32. Bxc6 Ra2 33. Bb5 Ba5 34. Qd5+ Kh8 35. Rb1 Rb3 36. Qf7 Bb4 37. Be8 d5 38. cxd5 h6 39. Rc7 Ne6 40. dxe6 1-0

[Event "Helsingor Xtracon op"]
[Site "Helsingor"]
[Date "2016.07.30"]
[Round "9"]
[White "Salerno, Christian"]
[Black "Johansen, Johnny Holler"]
[Result "1-0"]
[WhiteElo "2052"]
[BlackElo "1919"]
[PlyCount "85"]
[EventDate "2016.07.23"]
[EventType "swiss"]
[EventRounds "10"]
[EventCountry "DEN"]
[SourceTitle "CBM 173 Extra"]
[Source "ChessBase"]
[SourceDate "2016.08.29"]
[SourceVersion "1"]
[SourceVersionDate "2016.08.29"]
[SourceQuality "1"]

1. e4 c5 2. Nf3 Nc6 3. d4 cxd4 4. Nxd4 e5 5. Nb5 d6 6. N1c3 Nf6 7. Bg5 a6 8. Na3 b5 9. Bxf6 gxf6 10. Nd5 Be6 11. c3 Bxd5 12. Qxd5 Ne7 13. Qd3 Qc7 14. g3 Bh6 15. Bg2 0-0 16. 0-0 Rfd8 17. Rfd1 Rab8 18. Nc2 a5 19. a3 Qb6 20. Qf3 Bg7 21. Rd3 d5 22. Rxd5 Nxd5 23. exd5 Bh6 24. Qf5 Bg7 25. Be4 h6 26. Ne3 Kf8 27. Rd1 Qd6 28. Rd3 Rbc8 29. Qg4 f5 30. Nxf5 Qg6 31. Qf3 Qf6 32. Qe2 Rc4 33. b3 Rc5 34. d6 Rd7 35. Qe3 Rc8 36. Qb6 Qd8 37. Qxb5 Rb8 38. Qd5 Qb6 39. Nxg7 Kxg7 40. Qxe5+ Kg8 41. Qf6 Qxb3 42. Qxh6 f5 43. Bd5+ 1-0

[Event "Helsingor Xtracon op"]
[Site "Helsingor"]
[Date "2016.07.29"]
[Round "8"]
[White "Stuhlmann, Alexander"]
[Black "Salerno, Christian"]
[Result "1/2-1/2"]
[WhiteElo "1873"]
[BlackElo "2052"]
[PlyCount "88"]
[EventDate "2016.07.23"]
[EventType "swiss"]
[EventRounds "10"]
[EventCountry "DEN"]
[SourceTitle "CBM 173 Extra"]
[Source "ChessBase"]
[SourceDate "2016.08.29"]
[SourceVersion "1"]
[SourceVersionDate "2016.08.29"]
[SourceQuality "1"]

1. e4 e6 2. d4 d5 3. Nd2 Nf6 4. Bd3 c5 5. c3 Nc6 6. Ngf3 cxd4 7. cxd4 Be7 8. 0-0 0-0 9. exd5 Qxd5 10. Bc4 Qd6 11. Nb3 b6 12. Qe2 Rd8 13. Rd1 Bb7 14. Bg5 Nb4 15. Ne5 Bd5 16. a3 Nc6 17. Rac1 Rac8 18. Bf4 Bxc4 19. Rxc4 Nd5 20. Bg3 Nxe5 21. dxe5 Qd7 22. Rdc1 h6 23. h4 Rxc4 24. Qxc4 b5 25. Qc2 Nb6 26. Qc7 Nc4 27. Qxd7 Rxd7 28. Rc2 Rd3 29. Nc1 Rd1+ 30. Kh2 Nxb2 31. Rxb2 Bxa3 32. Rxb5 Rxc1 33. Rb8+ Kh7 34. Rb7 a5 35. Rxf7 a4 36. Rf4 Bc5 37. Rxa4 Rc2 38. Ra6 Bxf2 39. Bxf2 Rxf2 40. Rxe6 h5 41. Kg3 Rf1 42. Ra6 Kg8 43. Ra7 Kf8 44. e6 Rf6 1/2-1/2

[Event "Politiken Cup 37th"]
[Site "Helsingor"]
[Date "2015.07.31"]
[Round "8"]
[White "Perrett, David C"]
[Black "Salerno, Christian"]
[Result "1/2-1/2"]
[WhiteElo "1937"]
[BlackElo "2129"]
[PlyCount "87"]
[EventDate "2015.07.25"]
[EventType "swiss"]
[EventRounds "10"]
[EventCountry "DEN"]
[SourceTitle "CBM 167 Extra"]
[Source "ChessBase"]
[SourceDate "2015.09.14"]
[SourceVersion "1"]
[SourceVersionDate "2015.09.14"]
[SourceQuality "1"]

1. d4 g6 2. Nf3 Nf6 3. e3 Bg7 4. Bc4 d5 5. Bd3 Nbd7 6. h3 c5 7. c3 b6 8. Nbd2 Bb7 9. b3 Qc7 10. Bb2 0-0 11. Rc1 e5 12. dxe5 Nxe5 13. Nxe5 Qxe5 14. Nf3 Qd6 15. 0-0 Nd7 16. Ba1 Ne5 17. c4 Nxf3+ 18. Qxf3 Bxa1 19. Rxa1 dxc4 20. Qxb7 cxd3 21. Qa6 Rfd8 22. Rfd1 d2 23. Rab1 Qd3 24. Qxd3 Rxd3 25. Rb2 Rad8 26. Kf1 Kg7 27. Ke2 Kf6 28. Rc2 Ke6 29. f3 f5 30. Rdxd2 Rxd2+ 31. Rxd2 Rxd2+ 32. Kxd2 b5 33. Kc3 h5 34. h4 Kf6 35. Kd3 g5 36. hxg5+ Kxg5 37. g3 Kf6 38. a4 a6 39. axb5 axb5 40. f4 Ke7 41. e4 fxe4+ 42. Kxe4 Ke6 43. Ke3 Kf6 44. Ke2 1/2-1/2

[Event "Politiken Cup 37th"]
[Site "Helsingor"]
[Date "2015.07.27"]
[Round "4"]
[White "Andersen, Johnny"]
[Black "Salerno, Christian"]
[Result "0-1"]
[WhiteElo "1795"]
[BlackElo "2129"]
[PlyCount "46"]
[EventDate "2015.07.25"]
[EventType "swiss"]
[EventRounds "10"]
[EventCountry "DEN"]
[SourceTitle "CBM 167 Extra"]
[Source "ChessBase"]
[SourceDate "2015.09.14"]
[SourceVersion "1"]
[SourceVersionDate "2015.09.14"]
[SourceQuality "1"]

1. e4 e6 2. d4 d5 3. e5 c5 4. c3 Nc6 5. Nf3 Qb6 6. a3 Nh6 7. Bd3 Bd7 8. 0-0 cxd4 9. cxd4 Nxd4 10. Nxd4 Qxd4 11. Re1 Ng4 12. Qe2 Bc5 13. Be3 Nxe3 14. fxe3 Qxe5 15. Nc3 0-0 16. Kh1 f5 17. Rac1 Bd6 18. g3 a6 19. b4 Rf6 20. Qf2 Rc8 21. Ne2 Rxc1 22. Rxc1 Qb2 23. Qe1 Qxa3 0-1

[Event "Liechtenstein op 32nd"]
[Site "Triesen"]
[Date "2014.05.31"]
[Round "9"]
[White "Bezler, Rainer"]
[Black "Salerno, Christian"]
[Result "1/2-1/2"]
[WhiteElo "2220"]
[BlackElo "2109"]
[PlyCount "64"]
[EventDate "2014.05.23"]
[EventType "swiss"]
[EventRounds "9"]
[EventCountry "LIE"]
[SourceTitle "CBM 160 Extra"]
[Source "ChessBase"]
[SourceDate "2014.07.01"]
[SourceVersion "1"]
[SourceVersionDate "2014.07.01"]
[SourceQuality "1"]

1. d4 Nf6 2. c4 g6 3. Nc3 d5 4. cxd5 Nxd5 5. e4 Nxc3 6. bxc3 Bg7 7. Be3 c5 8. Rc1 Qa5 9. Qd2 cxd4 10. cxd4 Qxd2+ 11. Bxd2 0-0 12. Nf3 Bg4 13. Be3 Nc6 14. d5 Bxf3 15. gxf3 Nd4 16. Bh3 f5 17. f4 fxe4 18. Bd7 Nf3+ 19. Ke2 Nd4+ 20. Kf1 a6 21. Kg2 Ne2 22. Rc7 Nxf4+ 23. Bxf4 Rxf4 24. Rd1 Raf8 25. Rd2 Bf6 26. Rxb7 Bh4 27. Be6+ Kh8 28. Rbb2 Kg7 29. Bd7 Rd8 30. Rb7 Rdf8 31. Rbb2 Rd8 32. Rb7 Rdf8 1/2-1/2